000 00679nam a2200241 i 4500
001 C2-0221896
003 PPAK
005 20180728151301.0
008 991201s1996 my a|||| ||||| | may d
020 _a9838995282
040 _aPPAK
_beng
_cPPAK
_erda
082 0 4 _a658.4092
_223
090 0 0 _a658.4092
_bOCO
_dG
100 1 _aO'Connor, Carol A.,
_eauthor
245 1 0 _aKe arah kepimpinan yang berjaya dalam seminggu
264 1 _aKuala Lumpur :
_bS. Abdul Majeed ,
_c1996
300 _a120 pages :
_billustrations ;
_c20 cm
336 _2rdacontent
_atext
337 _2rdamedia
_aunmediated
338 _2rdacarrier
_avolume
650 1 0 _aLeadership
942 _ddc
_cB
999 _c143391
_d143391